Sổ tay xử lý nước
Đã lưu trong:
| 格式: | 圖書 |
|---|---|
| 語言: | Undetermined |
| 出版: |
Hà Nội
Xây dựng
2005
|
| 主題: | |
| 標簽: |
添加標簽
沒有標簽, 成為第一個標記此記錄!
|
| Thư viện lưu trữ: | Trung tâm Học liệu Trường Đại học Cần Thơ |
|---|
| LEADER | 00573nam a2200193Ia 4500 | ||
|---|---|---|---|
| 001 | CTU_94835 | ||
| 008 | 210402s9999 xx 000 0 und d | ||
| 020 | |c 69000 | ||
| 082 | |a 628.162 | ||
| 082 | |b S450/T.1 | ||
| 245 | 0 | |a Sổ tay xử lý nước | |
| 245 | 0 | |c Trung tâm Đào tạo Ngành nước và Môi trường biên dịch | |
| 260 | |a Hà Nội | ||
| 260 | |b Xây dựng | ||
| 260 | |c 2005 | ||
| 650 | |a Water treatment,Water | ||
| 650 | |x Purification | ||
| 904 | |i Năm | ||
| 980 | |a Trung tâm Học liệu Trường Đại học Cần Thơ | ||